Rozpoznaj klub po stadionie. - Statystyki

Ogólne statystyki
  • Ten quiz został rozwiązany 121 razy
  • Średni wynik to 5 z 10
Statystyki odpowiedzi
Stadion Klub % Poprawnych
San Siro Milan/Inter
97%
Signal Iduna Park Borussia Dortmund
91%
Red Bull Arena RB Lipsk/Salzburg/New York Red Bulls
78%
Goodison Park Everton
55%
Allianz Stadium Juventus
53%
Ramon Sanchez-Pizjuan Sevilla
41%
Stade Louis II Monaco
34%
Ibrox Stadium Rangers
30%
St. James Park Newcastle United
25%
Stadion MOSIR Stal Mielec
3%
Nie znaleziono quizów pasujących do podanych kryteriów
Rozkład punktacji
Procent ludzi z każdym wynikiem
Percentyl według liczby udzielonych odpowiedzi
Twoja historia wyników
Nie rozwiązałeś tego quizu